| 000 | 00683nam a2200253Ia 4500 | ||
|---|---|---|---|
| 003 | OSt | ||
| 005 | 20221006144758.0 | ||
| 006 | a|||||r|||| 00| 0 | ||
| 007 | ta | ||
| 008 | 221006b |||||||| |||| 00| 0 chi d | ||
| 020 |
_a7100007615 _cYu 32.00 |
||
| 024 | _a12,696 | ||
| 037 |
_bGift, PRC _cTextual |
||
| 040 |
_aEASL _cEASL _bchi |
||
| 041 |
_2chi _achi |
||
| 082 | _aP41,3:4k, N9 | ||
| 100 |
_aRu Ren Xiao Ed. _9652832 |
||
| 245 | 0 | _aHanyu Xinciyu cidian | |
| 260 |
_aBeijing _bShangwu Yin Shuguan _c1999 |
||
| 300 |
_a794p. _ccm. |
||
| 650 |
_aCL _9642733 |
||
| 942 |
_hP41,3:4k, N9 _cTEXL _2CC |
||
| 999 |
_c1080782 _d1080782 |
||